| 000 | 01040cam a2200253 i 4500 | ||
|---|---|---|---|
| 001 | 17590736 | ||
| 005 | 20180112050118.0 | ||
| 008 | 130115s2012 njua b 001 0 eng | ||
| 010 | _a 2012040159 | ||
| 020 | _a9780470259610 (cloth : acidfree paper) | ||
| 040 |
_aDLC _beng _cDLC _erda _dDLC |
||
| 041 | _aeng | ||
| 042 | _apcc | ||
| 080 | _a660..2969 MIL | ||
| 082 | 0 | 0 |
_a660..2969 MIL _223 |
| 100 | 1 | _a29 | |
| 101 | _aENG | ||
| 245 | 1 | 0 |
_aEngineering and chemical thermodynamics / _cMilo D. Koretsky, School of Chemical, Biological, and Environmental Engineering, Oregon State University. |
| 504 | _aIncludes bibliographical references (pages 685-686) and index. | ||
| 776 | 0 | 8 |
_iOnline version: _aKoretsky, Milo D. _tEngineering and chemical thermodynamics _b2nd edition. _dHoboken, NJ : John Wiley & Sons, Inc., [2013] _z9781118476819 _w(DLC) 2013002211 |
| 906 |
_a7 _bcbc _corignew _d1 _eecip _f20 _gy-gencatlg |
||
| 942 |
_2ddc _cBK |
||
| 999 |
_c40193 _d40193 |
||